Prénoms filles 2025 - Statistiques

Statistiques générales
  • Ce quiz a été pris 2 185 fois
  • Le résultat moyen est 36 sur 100
Statistiques - réponses
Hint Première lettre Prénoms % Correct
8 L Lou
86%
1 E Emma
81%
22 L Léa
78%
2 L Louise
71%
4 J Jade
69%
9 A Anna
68%
40 Z Zoé
65%
88 M Marie
64%
73 M Manon
62%
24 L Lola
61%
27 C Chloé
60%
25 J Juliette
60%
13 J Julia
59%
14 A Alice
58%
7 R Rose
58%
74 C Camille
56%
28 R Romane
56%
56 S Sarah
56%
17 L Léna
55%
23 L Lina
55%
19 J Jeanne
53%
87 C Clara
52%
60 I Inès
52%
6 A Ambre
51%
38 L Lucie
50%
32 E Eva
47%
43 L Louna
46%
3 A Alba
44%
30 N Nina
44%
29 E Elena
43%
37 G Gabrielle
43%
63 L Lily
43%
20 O Olivia
43%
52 V Victoire
42%
33 C Charlotte
41%
5 R Romy
41%
41 V Valentine
41%
91 A Anaïs
40%
11 M Mia
40%
65 V Victoria
40%
16 I Iris
39%
94 L Lise
39%
66 L Lana
38%
84 L Lila
38%
42 C Clémence
37%
47 M Margot
37%
15 A Agathe
35%
10 A Alma
35%
26 L Luna
35%
39 M Mila
35%
34 M Margaux
34%
81 M Maria
34%
18 A Adèle
33%
45 E Emy
31%
72 S Sofia
31%
21 L Léonie
30%
55 C Charlie
29%
12 G Giulia
29%
67 Y Yasmine
29%
93 Z Zélie
29%
36 L Lya
28%
62 T Théa
28%
49 A Ava
27%
54 E Ella
26%
98 H Héloïse
26%
70 M Maya
26%
79 A Amélia
23%
75 A Aria
23%
83 I Inaya
23%
69 A Alix
22%
76 C Capucine
22%
48 D Diane
22%
96 R Roxane
22%
44 M Mya
21%
51 V Valentina
21%
90 E Eline
20%
80 N Nour
20%
64 T Thaïs
20%
31 A Albane
19%
95 A Aya
19%
71 J Joséphine
19%
61 C Constance
18%
77 A Alya
18%
92 N Nora
18%
46 A Apolline
17%
68 A Assia
16%
78 J Joy
16%
59 L Livia
16%
89 L Lyna
16%
53 C Céleste
15%
58 S Suzanne
14%
50 A Arya
13%
35 L Lyana
13%
57 E Esmée
12%
82 J Judith
11%
100 A Abigaël
9%
85 E Ellie
9%
97 A Aïcha
7%
86 L Leya
5%
99 J Jannah
4%
Aucun quiz correspondant
Distribution des résultats
% des personnes avec chaque résultat
Percentile par nombre de réponses
Votre historique - résultats
Vous n’avez pas pris ce quiz